Technical drawing / (Record no. 173257)

000 -LEADER
fixed length control field 01379pam a2200313 a 4500
001 - CONTROL NUMBER
control field 13934128
003 - CONTROL NUMBER IDENTIFIER
control field Nust
005 - DATE AND TIME OF LATEST TRANSACTION
control field 20170120184807.0
008 - FIXED-LENGTH DATA ELEMENTS--GENERAL INFORMATION
fixed length control field 050418s2005 nyua 001 0 eng
010 ## - LIBRARY OF CONGRESS CONTROL NUMBER
LC control number 2005273613
020 ## - INTERNATIONAL STANDARD BOOK NUMBER
International Standard Book Number 1401857604
040 ## - CATALOGING SOURCE
Original cataloging agency DLC
Transcribing agency DLC
Modifying agency DLC
050 00 - LIBRARY OF CONGRESS CALL NUMBER
Classification number T353
Item number .G63 2005
082 00 - DEWEY DECIMAL CLASSIFICATION NUMBER
Classification number 604.24 GOE
Edition number 22
100 ## - MAIN ENTRY--PERSONAL NAME
Personal name WIEBE
245 00 - TITLE STATEMENT
Title Technical drawing /
Statement of responsibility, etc. WIEBE
260 ## - PUBLICATION, DISTRIBUTION, ETC.
Place of publication, distribution, etc. Clifton Park, NY :
Name of publisher, distributor, etc. Thomson Delmar Learning,
Date of publication, distribution, etc. c2005.
300 ## - PHYSICAL DESCRIPTION
Extent xvii, 1121 p. :
Other physical details ill. (some col.) ;
Dimensions 29 cm. +
Accompanying material 1 CD-ROM (4 3/4 in.)
440 #0 - SERIES STATEMENT/ADDED ENTRY--TITLE
Title Drafting and design series
500 ## - GENERAL NOTE
General note Previous eds. entered under Goetsch.
500 ## - GENERAL NOTE
General note Includes index.
650 #0 - SUBJECT ADDED ENTRY--TOPICAL TERM
Topical term or geographic name entry element Mechanical drawing
Form subdivision Textbooks.
700 1# - ADDED ENTRY--PERSONAL NAME
Personal name Goetsch, David L.
700 1# - ADDED ENTRY--PERSONAL NAME
Personal name Goetsch, David L.
Title of a work Technical drawing.
856 42 - ELECTRONIC LOCATION AND ACCESS
Materials specified Publisher description
Uniform Resource Identifier <a href="http://www.loc.gov/catdir/enhancements/fy1215/2005273613-d.html">http://www.loc.gov/catdir/enhancements/fy1215/2005273613-d.html</a>
856 41 - ELECTRONIC LOCATION AND ACCESS
Materials specified Table of contents only
Uniform Resource Identifier <a href="http://www.loc.gov/catdir/enhancements/fy1215/2005273613-t.html">http://www.loc.gov/catdir/enhancements/fy1215/2005273613-t.html</a>
856 42 - ELECTRONIC LOCATION AND ACCESS
Materials specified Contributor biographical information
Uniform Resource Identifier <a href="http://www.loc.gov/catdir/enhancements/fy1302/2005273613-b.html">http://www.loc.gov/catdir/enhancements/fy1302/2005273613-b.html</a>
906 ## - LOCAL DATA ELEMENT F, LDF (RLIN)
a 7
b cbc
c origcop
d 2
e ncip
f 20
g y-gencatlg
942 ## - ADDED ENTRY ELEMENTS (KOHA)
Source of classification or shelving scheme
Koha item type Book
Holdings
Withdrawn status Lost status Source of classification or shelving scheme Damaged status Not for loan Permanent Location Current Location Shelving location Date acquired Total Checkouts Total Renewals Full call number Barcode Checked out Date last seen Date last checked out Price effective from Koha item type
          School of Mechanical & Manufacturing Engineering (SMME) School of Mechanical & Manufacturing Engineering (SMME) Text Books 01/20/2017 2 1 604.24 GOE SMME-1245 10/21/2023 03/04/2021 03/04/2021 01/20/2017 Book
© 2023 Central Library, National University of Sciences and Technology. All Rights Reserved.